Vnitřní předpis

Novela zákonníka práce zavádza tzv. vnútorný predpis, ktorým môže šéf firmy alebo iný zodpovedný zástupca zamestnávateľa "zlepšiť" nároky zamestnancov. Môže ho vydať majiteľ súkromnej firmy, družstvo, štátny podnik, obchodná spoločnosť apod.

Enregistré dans:
Détails bibliographiques
Format: Chapitre de livre
Langue:tchèque
Sujets:
Tags: Ajouter un tag
Pas de tags, Soyez le premier à ajouter un tag!

MARC

LEADER 00000naa a2200000 4500
001 r015468
005 20221213082619.2
041 0 |a cze 
044 |a CZ 
245 1 0 |a Vnitřní předpis 
520 |a Novela zákonníka práce zavádza tzv. vnútorný predpis, ktorým môže šéf firmy alebo iný zodpovedný zástupca zamestnávateľa "zlepšiť" nároky zamestnancov. Môže ho vydať majiteľ súkromnej firmy, družstvo, štátny podnik, obchodná spoločnosť apod. 
610 2 0 |a zákonník práce 
610 2 0 |a Česko 
610 2 0 |a 1994 
610 2 0 |a predpisy pracovnoprávne